000 00735nmc a2200277 a 4500
003 AR-BaBNM
005 20251128211326.0
008 214020s2000 ||||||||||||||000 | spa||
020 _a950-511-629-2
040 _cAR-BaBNM
100 1 _aWalsh, María Elena
245 1 0 _aDailan Kifki
260 _aBuenos Aires
_bAlfaguara
_c2000
300 _a244 p.
_bil.
490 0 _aAlfaguara infantil. Violeta
500 _aColección dirigido a niños desde 8 años
650 4 _aLITERATURA INFANTIL
650 4 _aLIBROS PARA NINOS
650 4 _aCUENTOS DE ANIMALES
650 4 _aCUENTOS DE AVENTURAS
650 4 _aHUMOR
655 _aLITERATURA
700 1 _aLavandiera, Sandra
_eilustrador
942 _cBK
998 _cLaura
999 _c19169
_d19169